Electrochemistry of solids: An introduction (Record no. 1214456)

MARC details
000 -LEADER
fixed length control field 00956nam a2200301Ia 4500
003 - CONTROL NUMBER IDENTIFIER
control field OSt
005 - DATE AND TIME OF LATEST TRANSACTION
control field 20221007124959.0
008 - FIXED-LENGTH DATA ELEMENTS--GENERAL INFORMATION
fixed length control field 221006b |||||||| |||| 00| 0 eng d
020 ## - INTERNATIONAL STANDARD BOOK NUMBER
International Standard Book Number 9783662600207 (pbk)
037 ## - SOURCE OF ACQUISITION
Terms of availability Textual
040 ## - CATALOGING SOURCE
Original cataloging agency CDL
Transcribing agency CDL
Language of cataloging eng
041 ## - LANGUAGE CODE
Source of code eng
Language code of text/sound track or separate title eng
100 ## - MAIN ENTRY--PERSONAL NAME
Personal name Rickert Hans
9 (RLIN) 721191
245 #0 - TITLE STATEMENT
Title Electrochemistry of solids: An introduction
260 ## - PUBLICATION, DISTRIBUTION, ETC.
Place of publication, distribution, etc. New
Name of publisher, distributor, etc. York Springer-Verlag
Date of publication, distribution, etc. 1982
300 ## - PHYSICAL DESCRIPTION
Extent xii, 240p. ill.
Dimensions cm.
490 ## - SERIES STATEMENT
Volume/sequential designation Vol.7 Inorganic chemistry concepts
500 ## - GENERAL NOTE
General note Author index 235p.; Subject index 327-240p.
650 ## - SUBJECT ADDED ENTRY--TOPICAL TERM
Topical term or geographic name entry element Electrochemistry
650 ## - SUBJECT ADDED ENTRY--TOPICAL TERM
Topical term or geographic name entry element Solid state chemistry
9 (RLIN) 717440
650 ## - SUBJECT ADDED ENTRY--TOPICAL TERM
Topical term or geographic name entry element Chemistry
942 ## - ADDED ENTRY ELEMENTS (KOHA)
Classification part E:26, M2 Carc
Koha item type Textual
Source of classification or shelving scheme Colon Classification (CC)
Holdings
Withdrawn status Lost status Source of classification or shelving scheme Damaged status Not for loan Home library Current library Date acquired Source of acquisition Serial Enumeration / chronology Total Checkouts Full call number Barcode Date last seen Price effective from Koha item type Public note
    Colon Classification (CC)     Department of Chemistry Library Department of Chemistry Library 2022-10-07 264, 22/01/2020, Indu book Services Vol.7 Inorganic chemistry concepts   E:26 M2 Carc CD0009415 2022-10-07 2022-10-07 Textual South Asian ed. 2020.
Copyright @ Delhi University Library System